Normal view MARC view
  • Narayanan, Ajit,

Entry Personal Name

Number of records used in: 1

001 - CONTROL NUMBER

  • control field: 96053

003 - CONTROL NUMBER IDENTIFIER

  • control field: NUST

005 - DATE AND TIME OF LATEST TRANSACTION

  • control field: 20220801130817.0

008 - FIXED-LENGTH DATA ELEMENTS

  • fixed length control field: 220801|| aca||aabn | a|a d

040 ## - CATALOGING SOURCE

  • Original cataloging agency: NUST
  • Transcribing agency: NUST

100 ## - HEADING--PERSONAL NAME

  • Personal name: Narayanan, Ajit,
  • Dates associated with a name: 1952-

670 ## - SOURCE DATA FOUND

  • Source citation: Work cat.: (NUST)178714: Keedwell, Edward. 96052, Intelligent bioinformatics :, c2005.
© 2023 Central Library, National University of Sciences and Technology. All Rights Reserved.